Xây dựng thương hiệu du lịch Thừa Thiên Huế /

Enregistré dans:
Détails bibliographiques
Auteur principal: Trịnh Ngọc Chung.
Autres auteurs: Ma Quỳnh Hương
Format: Article
Langue:Vietnamese
Sujets:
Tags: Ajouter un tag
Pas de tags, Soyez le premier à ajouter un tag!
Thư viện lưu trữ: Thư viện Trường Đại học Đà Lạt
LEADER 00842nam a2200277 4500
001 DLU170181885
005 ##20171114
040 # # |a DLU  |b vie 
041 # # |a vie 
044 # # |a vn 
100 # # |a Trịnh Ngọc Chung. 
245 # # |a Xây dựng thương hiệu du lịch Thừa Thiên Huế /  |c Trịnh Ngọc Chung, Ma Quỳnh Hương 
653 # # |a Điểm du lịch 
653 # # |a Thừa Thiên Huế 
653 # # |a Thương hiệu du lịch 
700 # # |a Ma Quỳnh Hương 
773 # # |t Tạp chí Văn hoá nghệ thuật  |g Số 378, 2015, tr. 40-45 
920 # # |a Phòng Tạp chí -- Trung tâm Thông tin - Thư viện Trường Đại học Đà Lạt 
994 # # |a DLU 
900 # # |a True 
911 # # |a Trần Thị Minh Hương 
925 # # |a G 
926 # # |a A 
927 # # |a BB 
980 # # |a Thư viện Trường Đại học Đà Lạt